000 00852nam a2200169 a 4500
008 120416s1999 ||||||||||||||||| || u
020 _a0074637290
050 _aQA 76.65 Mue
100 _aMueller, John Paul
245 1 0 _aVisual C++6 from the group up
250 _a2nd ed.
260 _aNew Delhi
_bTata McGraw-Hill
_c1999
350 _a0.00
995 _D0.00
_FCBU-MAIN LIBRARY (Kitwe)
_H1
_I20.00
_M2
_UAVAILABLE
_WJul 7, 2006
_ZAnnex Low-Usage Collection
995 _D0.00
_FCBU-MAIN LIBRARY (Kitwe)
_H3
_I20.00
_M1
_UAVAILABLE
_ZAnnex Low-Usage Collection
995 _D0.00
_FCBU-MAIN LIBRARY (Kitwe)
_H2
_I20.00
_M3
_UAVAILABLE
_WAug 1, 2006
_ZAnnex Low-Usage Collection
999 _c78370
_d78370